[Event "It (open)"]
[Site "masterchessopen.com Malaga (Spain)"]
[Date "2004.02.22"]
[Round "2"]
[White "Ivanov Jordan (BUL)"]
[Black "Cheparinov Ivan (BUL)"]
[Result "0-1"]
[WhiteElo "2395"]
[BlackElo "2576"]

{ } 1.d4 { 1 } 1...Nf6 2.c4 e6 3.Nc3 Bb4 4.Qc2 d5 5.cxd5 Qxd5 6.Nf3 Qf5 7.Qxf5
exf5 8.Bd2 { = } 8...c6 ( 8...O-O 9.e3 c5 10.a3 cxd4 11.axb4 dxc3 12.Bxc3 Nd5
13.Bc4 Be6 14.Nd4 Nxc3 15.Nxe6 Rc8 16.Bb3 Ne4 17.Nd4 Nd6 18.Ke2 Nc6 19.Nxc6
Rxc6 20.Rhc1 Rb6 21.Ra4 Rc8 22.Rxc8+ Nxc8 23.Bd5 Kf8 24.Bf3 Ke7 25.Kd3 a6
26.Kc3 Nd6 27.Ra1 Nb5+ 28.Kb3 { ...0-1, Savitskaya Ekaterina P 2170 - Ivanov
Vladimir Ivanovich 2415 , Moscow 1996 Cup Russia (open) } ) ( 8...Be6 9.e3 a6
10.Ng5 Nbd7 11.Nxe6 fxe6 12.Bc4 Ke7 13.a3 Bd6 14.O-O c5 15.Rfe1 Rac8 16.Ba2
Rhe8 17.f3 Kf7 18.Rad1 cxd4 19.exd4 Nb6 20.Re2 Nc4 21.Be1 Nd5 22.Nxd5 exd5
23.Rc2 b5 24.Bf2 a5 25.g3 a4 26.Rd3 Kf6 27.g4 g5 28.gxf5 { ...0-1, Kharlov
Andrei 2565 - Bosch Jeroen 2405 , Leeuwarden 1997 It (open) } ) 9.a3 ( 9.e3
Be6 10.Ng5 Bd5 11.Nxd5 Bxd2+ 12.Kxd2 Nxd5 13.Bc4 h6 14.Nf3 Nf6 15.Ne5 Ne4+
16.Ke2 Nd6 17.Bb3 Nd7 18.Nd3 O-O-O 19.Rac1 Kb8 20.Rhd1 Rhe8 21.Kf1 g5 22.g3
Nf6 23.Ne5 Nd5 24.Rxc6 bxc6 25.Nxc6+ Kc7 26.Nxd8 Nxe3+ 27.fxe3 Kxd8 28.Kf2 Re7
{ ...1-0, Azmaiparashvili Zurab 2620 - Korchnoi Viktor 2635 , Moscow 1995 It
"Kremlin Stars" (active) } ) ( 9.g3 Nbd7 10.Bg2 Nb6 11.Ne5 O-O 12.O-O a5
13.Rfd1 Be6 14.b3 Ra7 15.Rab1 Rfa8 16.Nd3 Rd8 17.e3 Nfd5 18.Nxd5 Nxd5 19.Bxd5
Rxd5 20.Bxb4 axb4 21.Rd2 Rb5 22.f3 Ra8 23.Rc1 f6 24.Kf2 Kf7 25.Rc5 Rb6 26.e4
fxe4 27.fxe4 Ke7 28.Ke3 Kd6 { ...1-0, Sergienko Sergey 2424 - Lopushnoy Denis
2365 , St. Petersburg 1999 Ch Russia (club) } ) 9...Bd6 ( 9...Be7 10.g3 h6
11.Bg2 Be6 12.O-O Nbd7 13.b4 Nd5 14.Na4 O-O-O 15.Rfc1 Kb8 16.Nc5 Nxc5 17.bxc5
Bf6 18.Rab1 Nc7 19.Bf4 Kc8 20.Bxc7 Kxc7 21.e3 g6 22.Rb2 Rb8 23.Nd2 Rhd8 24.a4
h5 25.a5 Be7 26.Rcb1 Bd7 27.Nc4 f6 28.h4 Be6 29.Na3 { ...1-0, Palo Davor 2213
- Matthiesen Martin 2300 , Copenhagen 2000 It (open) "Politiken Cup" } ) 10.e3
Nbd7 ( 10...O-O 11.Bd3 Re8 12.O-O Ne4 13.Rfc1 Nd7 14.Be1 Ndf6 15.g3 b6 16.b4
Bb7 17.Nd2 Nxd2 18.Bxd2 g6 19.Bf1 Rac8 20.Rc2 Bf8 21.Na4 Ne4 22.Be1 c5 23.dxc5
bxc5 24.Rxc5 Rxc5 { 1/2-1/2, Touzane Olivier 2382 - Del Rio Angelis Salvador G
2467 , Ubeda 2000 It (open) } ) 11.Bd3 Nb6 12.O-O { N } ( 12.b4 O-O 13.O-O g6
14.b5 c5 15.a4 Be6 16.Rfc1 Rac8 { 1/2-1/2, Alterman Boris 2585 - Davies Nigel
R 2510 , Rishon le Zion 1994 It (cat.11) } ) ( 12.Ne5 O-O 13.Nc4 Nxc4 14.Bxc4
Be6 15.Bxe6 fxe6 16.O-O Rad8 17.Rfd1 Rd7 18.g3 Rfd8 19.Be1 Kf7 20.Kf1 a6
21.Ke2 g5 22.h3 h5 23.f3 Bb8 24.Bf2 g4 25.hxg4 hxg4 26.f4 Ba7 27.Rac1 b5
28.Na2 c5 29.dxc5 Rxd1 30.Rxd1 Rxd1 31.Kxd1 Ne4 { ...0-1, Neuman Petr 2330 -
Vojtek Vladimir 2283 , Czech Republic 2000 Extra League 1999/00 } ) 12...Be6
13.Rfc1 h6 { } 14.Be1 a5 15.Nd2 O-O 16.e4 { ?! } ( 16.b3 { !? } 16...Rfd8
17.Nc4 Bc7 18.Nxb6 { } ) 16...fxe4 17.Ndxe4 Nxe4 18.Nxe4 Bf4 19.Rc2 Rfd8
20.Bc3 Na4 21.Re2 { ?! } ( 21.Bf1 { !? } 21...Bf5 22.Bd3 Bg6 23.Re1 { } )
21...c5 22.Bb5 Nxc3 23.bxc3 cxd4 24.cxd4 Rxd4 25.Nc5 Bd5 26.g3 Bd6 27.Rc2 Rc8
28.Rac1 Rxc5 29.Rxc5 Bxc5 30.Rxc5 Rd1+ 31.Bf1 b5 32.f4 Bc4 { } {#R} 0-1

[Event "It (open)"]
[Site "masterchessopen.com Reykjavik (Iceland)"]
[Date "2004.03.16"]
[Round "9"]
[White "Krush Irina (USA)"]
[Black "Romanishin Oleg M (UKR)"]
[Result "0-1"]
[WhiteElo "2464"]
[BlackElo "2543"]

1.d4 Nf6 2.c4 e6 3.Nc3 Bb4 4.Qc2 d5 5.cxd5 Qxd5 6.e3 O-O 7.a3 Bxc3+ 8.bxc3 c5
9.Ne2 Nc6 10.Nf4 Qd6 11.Be2 b6 12.O-O Bb7 13.a4 e5 14.dxc5 bxc5 15.Rd1 Qc7
16.Nd3 Na5 17.Ba3 Nd7 18.Nb2 Rfd8 19.Rd2 Nf6 20.Rad1 Rxd2 21.Qxd2 h6 22.Qc2
Rb8 23.Nc4 Bd5 24.Nd2 Be6 25.e4 Qc6 26.Bb5 Qb6 27.Rb1 Qc7 28.Be2 Rxb1+ 29.Qxb1
Qd7 30.Qc2 Qc6 31.Bb5 Qd6 32.f3 Qb6 33.Kf1 a6 34.Be2 Nd7 35.Ke1 c4 36.Kf1 Qc6
37.Bb4 Nb3 38.a5 Qc7 39.Qa2 Nb8 40.Bd1 Qd7 41.Ke1 Nc1 42.Qc2 Nd3+ 43.Kf1 Qa7
44.Nb1 Nc6 {#R} 0-1

[Event "It (blitz)"]
[Site "masterchessopen.com Reykjavik (Iceland)"]
[Date "2004.03.17"]
[Round "1"]
[White "Aronian Levon (ARM)"]
[Black "Petursson Margeir (ISL)"]
[Result "1-0"]
[WhiteElo "2675"]
[BlackElo "2540"]

1.d4 Nf6 2.c4 e6 3.Nc3 Bb4 4.Qc2 d5 5.cxd5 Qxd5 6.Nf3 Qf5 7.Qd1 c5 8.e3 Nc6
9.Bd3 Qh5 10.O-O O-O 11.Ne2 cxd4 12.exd4 Bd6 13.a3 b6 14.Bf4 Bxf4 15.Nxf4 Qh6
16.Ne2 Bb7 17.Qa4 Rfd8 18.Ba6 Bxa6 19.Qxa6 Ne7 20.Rac1 Ned5 21.Rc2 Nh5 22.Rfc1
Nhf4 23.g3 Qh5 24.Ne5 Ng6 25.Rc8 Raxc8 26.Rxc8 {#r} 1-0

[Event "It (blitz) ACP (Prelim1)"]
[Site "masterchessopen.com Internet"]
[Date "2004.04.12"]
[Round "4"]
[White "Kiriakov Petr (RUS)"]
[Black "Iordachescu Viorel (MDA)"]
[Result "1-0"]
[WhiteElo "2555"]
[BlackElo "2632"]

1.d4 Nf6 2.c4 e6 3.Nc3 Bb4 4.Qc2 d5 5.cxd5 Qxd5 6.Nf3 Qf5 7.Qxf5 exf5 8.a3 Bd6
9.Bg5 Nbd7 10.e3 c6 11.Bd3 g6 12.Ne2 a5 13.Rc1 Ne4 14.Bf4 Ke7 15.h4 Ndf6
16.Ne5 Rd8 17.f3 Bxe5 18.Bxe5 Nd6 19.Bf4 Be6 20.Bg5 Rh8 21.Kf2 h6 22.Bf4 Nd5
23.Be5 f6 24.Bh2 Bf7 25.Nc3 a4 26.e4 fxe4 27.fxe4 Nxc3 28.Rxc3 Ra5 29.Re1 Rd8
30.e5 fxe5 31.Bxe5 Kf8 32.Kg1 Kg8 33.h5 g5 34.Rf1 Bxh5 35.Rf6 Nf7 36.Bc4 Rad5
37.Bxd5 Rxd5 38.Rh3 Bg4 39.Rg6+ Kf8 40.Rg3 h5 41.Re3 c5 42.Bg7+ Kg8 43.Bf6+
Kf8 44.Be7+ Ke8 45.Bxc5+ Kd8 46.Rg8+ Kc7 47.Re7+ Rd7 48.Rg7 {#r} 1-0

[Event "It (open) \"]
[Site "masterchessopen.com Berlin (Germany)"]
[Date "2004.05.20"]
[Round "2"]
[White "Breier Andreas (GER)"]
[Black "Kunow Frank (GER)"]
[Result "1-0"]
[WhiteElo "2369"]
[BlackElo "2108"]

1.d4 Nf6 2.c4 e6 3.Nc3 Bb4 4.Qc2 d5 5.cxd5 Qxd5 6.Nf3 Qf5 7.Qxf5 exf5 8.Bd2 c6
9.a3 Be7 10.g3 Be6 11.Bg2 Bb3 12.Bg5 Nbd7 13.O-O O-O 14.Rfc1 Rfe8 15.Nd2 Be6
16.b4 a6 17.Na4 h6 18.Bxf6 Bxf6 19.e3 Ra7 20.Nc5 Rd8 21.Rab1 Be7 22.a4 Nf6
23.Nxe6 fxe6 24.b5 axb5 25.axb5 e5 26.Nf3 e4 27.Nh4 Rd5 28.bxc6 bxc6 29.Bh3
Raa5 30.Rxc6 Kf7 31.Bf1 g5 32.Ng2 Rd7 33.Ne1 Rda7 34.Nc2 Ra2 35.Bc4+ {#r} 1-0

[Event "It (open)"]
[Site "masterchessopen.com Essen (Germany)"]
[Date "2004.05.22"]
[Round "5"]
[White "Gohla Ulf (GER)"]
[Black "Eismont Igor (GER)"]
[Result "0-1"]
[WhiteElo "2091"]
[BlackElo "2290"]

1.d4 Nf6 2.c4 e6 3.Nc3 Bb4 4.Qc2 d5 5.cxd5 Qxd5 6.e3 c5 7.Bd2 Bxc3 8.bxc3 Nbd7
9.f3 Qd6 10.Bd3 e5 11.Ne2 O-O 12.O-O b6 13.Rad1 Bb7 14.Bc1 Qc7 15.Bb2 e4
16.fxe4 c4 17.Bxc4 Qxc4 18.Ng3 Ng4 19.Rf3 f5 20.h3 Nxe3 21.Rxe3 f4 22.Rf3 fxg3
23.Rxg3 Rf4 24.e5 Raf8 25.Bc1 Rf1+ 26.Kh2 R1f2 27.Qb3 Bd5 28.Qa3 Bxg2 {#R} 0-1

[Event "Ch Europe"]
[Site "masterchessopen.com Antalya (Turkey)"]
[Date "2004.05.24"]
[Round "9"]
[White "Anastasian Ashot (ARM)"]
[Black "Parligras Mircea (ROM)"]
[Result "0-1"]
[WhiteElo "2579"]
[BlackElo "2559"]

{ } 1.d4 { 1 } 1...Nf6 2.c4 e6 3.Nc3 Bb4 4.Qc2 d5 5.cxd5 Qxd5 6.Nf3 Qf5 7.Qb3
c5 { = } 8.Bd2 ( 8.a3 Bxc3+ 9.Qxc3 Nbd7 10.g3 Ne4 11.Qe3 b6 12.dxc5 Ndxc5
13.b4 Na4 14.Bh3 Qd5 15.Bg2 Bb7 16.Nd2 f5 17.Nxe4 fxe4 18.O-O O-O 19.Rb1 Rac8
20.Bb2 Nxb2 21.Rxb2 Rfd8 22.Rb3 Qd4 23.Bh3 Qd6 24.Rbb1 Bd5 25.Rbd1 Rc4 26.Qg5
Rd7 27.Rd2 h6 { ...1-0, Bareev Evgeny 2675 - Beliavsky Alexander G 2640 ,
Linares 1994 It (cat.18) } ) 8...Nc6 { } 9.a3 { N } ( 9.dxc5 O-O ( 9...Qxc5
10.e3 O-O 11.Rc1 e5 12.a3 Ba5 13.Qc2 Qe7 14.Bd3 Bg4 15.O-O Rfd8 16.Ng5 h6
17.Nge4 Rac8 18.h3 Be6 19.Rfd1 Bb6 20.Nxf6+ Qxf6 21.b4 Qh4 22.Bh7+ Kh8 23.Bf5
Qf6 24.Bxe6 Qxe6 25.Qb1 Bc7 26.Ne4 Qg6 27.Nc5 Qxb1 28.Rxb1 b6 { ...1/2-1/2,
Pronold Herbert 2085 - Bensch Patrick 2299 , Germany 1997 Bayern Regionalliga
Southeast } ) 10.e3 Rd8 11.Bb5 Qxc5 12.a3 Bxc3 13.Bxc3 Ne4 14.Rc1 Bd7 15.Be2
Na5 16.Qb4 { 1/2-1/2, Elbilia Jacques 2315 - Grimberg Gilbert 2316 , Clichy
1994 It } ) 9...Bxc3 10.Bxc3 Ne4 11.Qc4 { ?! } ( 11.dxc5 { !? } 11...O-O
12.Rd1 Qxc5 13.e3 { } ) 11...cxd4 12.Bxd4 e5 { ?! } ( 12...O-O { !? } 13.g4
Qd5 14.e3 Bd7 { } ) 13.Be3 { ?! } ( 13.g4 { !? } 13...Qe6 14.Qxe6+ Bxe6
15.Bxe5 { } ) 13...Be6 14.Qa4 Nf6 15.h3 Bd5 16.g4 Qe4 17.Qxe4 Bxe4 18.Bg2 Nd5
19.Bd2 Nd4 { ?! } ( 19...h5 { !? } 20.Rg1 hxg4 21.hxg4 f6 { } ) 20.Nxd4 Bxg2
21.Rg1 Be4 22.Nf5 Bxf5 23.gxf5 g6 24.e4 Nf6 25.f3 gxf5 26.exf5 Nd5 27.Rc1 { ?!
} ( 27.Rd1 { !? } 27...Rd8 28.Kf2 f6 29.Be3 { } ) 27...Ke7 28.Ke2 Rhg8 29.Bg5+
Kd6 30.Kd3 Rac8 31.h4 Rxc1 32.Rxc1 f6 33.Ke4 fxg5 34.Rd1 gxh4 35.Rxd5+ Ke7
36.Kxe5 Rg2 37.f6+ Ke8 38.b4 { ?? } ( { ? } 38.Rd4 h3 39.Rh4 h2 40.b4 { } )
38...Rg5+ 39.Kd4 { } {#R} 0-1

[Event "It (open) \"]
[Site "masterchessopen.com Pardubice (Czech Republic)"]
[Round "9"]
[White "Zakhartsov Viacheslav V (RUS)"]
[Black "Navara David (CZE)"]
[Result "0-1"]
[WhiteElo "2538"]
[BlackElo "2620"]

{ } 1.d4 Nf6 2.c4 e6 3.Nc3 Bb4 4.Qc2 d5 5.cxd5 Qxd5 6.Nf3 Qf5 7.Qxf5 exf5 8.a3
Be7 { ?/= } ( 8...Bd6 9.Nb5 Be6 10.e3 Nc6 11.Bd2 Ne4 12.Bd3 a6 13.Nxd6+ cxd6
14.Ke2 Kd7 15.Rhc1 Rhc8 16.Be1 Ne7 17.Ng1 b5 18.f3 Nf6 19.Bh4 Nfd5 20.Bxe7 {
1/2-1/2, Kramnik Vladimir 2780 - Anand Viswanathan 2795 , Frankfurt 1998 It
(cat.22) (active) } ) 9.e3 ( 9.g3 c6 10.Bg2 Be6 11.O-O Nbd7 12.Bg5 Ne4 13.Bxe7
Kxe7 14.Rfc1 a5 15.Ne1 Ndf6 16.Nd3 Nd2 17.Nc5 Nb3 18.Nxb3 Bxb3 19.d5 Rhc8
20.dxc6 bxc6 21.Nd1 Bxd1 22.Rxd1 Rab8 23.Rd2 c5 24.Rc1 c4 25.Bf3 g6 26.Rdc2
Nd7 27.Rxc4 Rxc4 28.Rxc4 Rxb2 { ...1-0, Dorfman Josif D 2599 - Schlosser
Philipp 2472 , France 2001 Ch France (team) 2001 } ) ( 9.Bf4 c6 10.e3 Nbd7
11.Bc4 Nb6 12.Ba2 Be6 13.Be5 h6 14.Ke2 O-O 15.Bxf6 Bxf6 16.Rhc1 Rfc8 17.Bxe6
fxe6 18.b4 a6 19.Rab1 Re8 20.Nd1 e5 21.dxe5 Bxe5 22.Nxe5 Rxe5 23.Nb2 Re7
24.Nd3 Nd5 25.g3 Rd8 26.Rb3 Kf7 27.Rc4 Rd6 28.Nc5 g6 { ...1-0, Hansen Curt
2595 - Maksimenko Andrei 2545 , Copenhagen 1996 It (open) "Politiken Cup" } )
( 9.Bg5 Be6 10.e3 c6 11.Nd2 Nbd7 12.Nc4 a5 13.Be2 b5 14.Nd2 Nb6 15.Bxf6 Bxf6
16.Bf3 Kd7 17.O-O b4 18.Ne2 g5 19.Rfc1 Rhc8 20.h3 Bg7 21.g4 fxg4 22.hxg4 f5
23.gxf5 Bxf5 24.Ng3 Be6 25.Be4 Na4 26.axb4 axb4 27.Nf3 Bf6 28.Nh5 Bh8 {
...1-0, Kharlov Andrei 2615 - Olafsson Helgi 2494 , Cappelle la Grande 1999 It
(open) } ) 9...Be6 ( 9...c6 10.Bd3 h6 11.b4 Be6 12.O-O O-O 13.Bd2 Nbd7 14.Rfb1
Rfd8 15.Bf1 Nb6 16.Be1 Bc4 17.g3 Bxf1 18.Kxf1 Nfd5 19.Ne5 Bd6 20.Nd3 Nxc3
21.Bxc3 Nd5 22.Be1 a6 23.a4 Nc7 24.Ra2 Re8 25.Rc2 Re7 26.Bd2 Rd8 27.Nc5 Bxc5
28.Rxc5 Rd5 29.Rxd5 { ...1/2-1/2, Herraiz Hidalgo Herminio 2469 - Gongora
Maikel 2387 , Habana 2002 Memorial J.Capablanca (c) (cat.9) } ) 10.Bd3 { +0.64
CAP } 10...Nbd7 { N } ( 10...h6 11.O-O Nbd7 12.Bd2 Nb6 13.Rfc1 c6 14.b4 O-O
15.Ne2 Nbd5 16.Ne5 Rac8 17.Be1 Rfd8 18.Bc2 Rc7 19.Nd3 Bd6 20.Bd2 Re7 21.Nc5
Bc8 22.Nc3 Nxc3 23.Bxc3 f4 24.e4 Bxc5 25.dxc5 Nxe4 26.Re1 Rde8 27.Bxe4 Rxe4
28.f3 Rxe1+ 29.Rxe1 Be6 30.Be5 { ...0-1, Dao Thien Hai 2535 - Short Nigel D
2695 , Yerevan 1996 Olympiad } ) 11.Ng5 c5 12.Nxe6 { } ( 12.O-O { !? }
12...Rc8 13.a4 cxd4 14.Nxe6 { } ) 12...fxe6 13.Bc4 Kf7 14.d5 exd5 15.Nxd5 Ne5
16.Ba2 c4 17.Nxe7 Kxe7 18.Ke2 b5 19.Bd2 Ne4 20.Bb4+ Ke6 21.Rhd1 a5 22.Be1 Rhc8
23.Rac1 { ?! } ( 23.f4 { !? } 23...Nd7 24.g4 g6 25.gxf5+ { } ) 23...Nc5 24.Rc2
Ncd3 { ? } ( { ? } 24...Ned3 25.Rxc4 bxc4 26.Bxc4+ Ke7 { } ) 25.Bc3 { } (
25.b3 { !? } 25...Nxe1 26.Kxe1 c3 27.b4+ { } ) 25...b4 26.Bxe5 Kxe5 27.Bxc4 {
} ( 27.f3 { !? } 27...g6 28.Rdd2 Kf6 29.Bxc4 { } ) 27...Nxb2 28.Rd5+ { ? } ( {
? } 28.Rxb2 Rxc4 29.axb4 Rxb4 30.Rc2 { } ) 28...Ke6 29.Rxb2 Rxc4 30.Rb5 bxa3
31.Rb6+ Kd5 32.Rd2+ Kc5 33.Rb3 a4 34.Rxa3 Kb4 35.Raa2 { } ( 35.Ra1 { !? }
35...a3 36.Rd7 Rc2+ 37.Kf3 { } ) 35...a3 36.g3 { ? } ( { ? } 36.Ra1 g5 37.Rb1+
Kc5 38.Ra2 { } ) 36...Kb3 37.Kf3 { ?! } ( 37.Kd1 { !? } 37...g5 38.Ra1 a2
39.h3 { } ) 37...Raa4 38.h4 { ?! } ( 38.Re2 { !? } 38...g5 39.Kg2 Rc1 40.Rad2
{ } ) 38...Rc1 39.Rxa3+ Rxa3 40.Rd7 Ra2 41.Rxg7 Rf1 42.Kf4 Raxf2+ 43.Kg5 Rf3
44.Kh6 Rg1 45.Kxh7 Rgxg3 46.Rf7 Rh3 { } {#R} 0-1

[Event "It (open)"]
[Site "masterchessopen.com Bergen (Norway)"]
[Date "2004.08.04"]
[Round "4"]
[White "Lie Lasse (NOR)"]
[Black "Aagedal Geir Ole (NOR)"]
[Result "1-0"]
[WhiteElo "1769"]
[BlackElo "1839"]

1.d4 Nf6 2.c4 e6 3.Nc3 Bb4 4.Qc2 d5 5.cxd5 Nxd5 6.Nf3 Nd7 7.e4 N5b6 8.Bd3 c5
9.O-O cxd4 10.Nb5 O-O 11.e5 h6 12.Rd1 a6 13.Nbxd4 Nd5 14.a3 Ba5 15.Be4 Re8
16.Nf5 Nxe5 17.Nxe5 exf5 18.Nxf7 Kxf7 19.Bg5 Qxg5 20.Bxd5+ Kg6 21.Qa4 b5
22.Qxa5 Rb8 23.Qc7 Rd8 24.Qxb8 {#r} 1-0

[Event "It (open)"]
[Site "masterchessopen.com Vlissingen (Netherlands)"]
[Date "2004.08.11"]
[Round "6"]
[White "Gagunashvili Merab (GEO)"]
[Black "Pedersen Nicolai Vesterbaek (DEN)"]
[Result "1-0"]
[WhiteElo "2567"]
[BlackElo "2466"]

{ Gagunashvili Merab (GEO) +0 =1 -0 } 1.d4 { 1 } 1...Nf6 2.c4 e6 3.Nc3 Bb4
4.Qc2 d5 5.cxd5 Qxd5 6.Nf3 ( 6.e3 c5 7.a3 Bxc3+ 8.bxc3 Nbd7 9.Nf3 b6 10.Bb2
O-O 11.c4 Qd6 12.Rd1 cxd4 13.exd4 { 1/2-1/2, Gagunashvili Merab 2583 -
Tkachiev Vladislav 2642 , Istanbul 2003 Ch Europe } ) 6...Qf5 7.Qxf5 ( 7.Qb3
c5 8.a3 Bxc3+ 9.Qxc3 Nbd7 10.g3 Ne4 11.Qe3 b6 12.dxc5 Ndxc5 13.b4 Na4 14.Bh3
Qd5 15.Bg2 Bb7 16.Nd2 f5 17.Nxe4 fxe4 18.O-O O-O 19.Rb1 Rac8 20.Bb2 Nxb2
21.Rxb2 Rfd8 22.Rb3 Qd4 23.Bh3 Qd6 24.Rbb1 Bd5 25.Rbd1 Rc4 26.Qg5 Rd7 {
...1-0, Bareev Evgeny 2675 - Beliavsky Alexander G 2640 , Linares 1994 It
(cat.18) } ) 7...exf5 8.a3 ( 8.Bd2 c6 9.e3 Be6 10.Ng5 Bd5 11.Nxd5 Bxd2+
12.Kxd2 Nxd5 13.Bc4 h6 14.Nf3 Nf6 15.Ne5 Ne4+ 16.Ke2 Nd6 17.Bb3 Nd7 18.Nd3
O-O-O 19.Rac1 Kb8 20.Rhd1 Rhe8 21.Kf1 g5 22.g3 Nf6 23.Ne5 Nd5 24.Rxc6 bxc6
25.Nxc6+ Kc7 26.Nxd8 Nxe3+ 27.fxe3 Kxd8 { ...1-0, Azmaiparashvili Zurab 2620 -
Korchnoi Viktor 2635 , Moscow 1995 It "Kremlin Stars" (active) } ) 8...Be7 {
?/= } ( 8...Bd6 9.Nb5 Be6 10.e3 Nc6 11.Bd2 Ne4 12.Bd3 a6 13.Nxd6+ cxd6 14.Ke2
Kd7 15.Rhc1 Rhc8 16.Be1 Ne7 17.Ng1 b5 18.f3 Nf6 19.Bh4 Nfd5 20.Bxe7 { 1/2-1/2,
Kramnik Vladimir 2780 - Anand Viswanathan 2795 , Frankfurt 1998 It (cat.22)
(active) } ) 9.Bf4 ( 9.Bg5 Be6 10.e3 c6 11.Nd2 Nbd7 12.Nc4 a5 13.Be2 b5 14.Nd2
Nb6 15.Bxf6 Bxf6 16.Bf3 Kd7 17.O-O b4 18.Ne2 g5 19.Rfc1 Rhc8 20.h3 Bg7 21.g4
fxg4 22.hxg4 f5 23.gxf5 Bxf5 24.Ng3 Be6 25.Be4 Na4 26.axb4 axb4 27.Nf3 Bf6
28.Nh5 Bh8 { ...1-0, Kharlov Andrei 2615 - Olafsson Helgi 2494 , Cappelle la
Grande 1999 It (open) } ) ( 9.g3 c6 10.Bg2 Be6 11.O-O Nbd7 12.Bg5 Ne4 13.Bxe7
Kxe7 14.Rfc1 a5 15.Ne1 Ndf6 16.Nd3 Nd2 17.Nc5 Nb3 18.Nxb3 Bxb3 19.d5 Rhc8
20.dxc6 bxc6 21.Nd1 Bxd1 22.Rxd1 Rab8 23.Rd2 c5 24.Rc1 c4 25.Bf3 g6 26.Rdc2
Nd7 27.Rxc4 Rxc4 28.Rxc4 Rxb2 { ...1-0, Dorfman Josif D 2599 - Schlosser
Philipp 2472 , France 2001 Ch France (team) 2001 } ) 9...c6 10.e3 Nbd7 (
10...Be6 11.Ng5 Bb3 12.Bd3 g6 13.Nf3 Nbd7 14.h4 Nd5 15.Bg3 N5b6 16.Nd2 Be6
17.Ne2 c5 18.Nf4 cxd4 19.Nxe6 fxe6 20.exd4 O-O 21.Nf3 Rfd8 22.O-O Nf8 23.Rac1
Bd6 24.Bxd6 Rxd6 25.Rc7 Rb8 26.Rfc1 Nd5 27.Rc8 Rd8 28.Rxb8 Rxb8 29.g3 Rd8
30.Bb5 { ...1/2-1/2, Barsov Alexei 2507 - Beliavsky Alexander G 2667 , Tripoli
20. 6.2004 Ch World FIDE (KO-system) (active) } ) 11.Bd3 ( 11.Bc4 Nb6 12.Ba2
Be6 13.Bxe6 fxe6 14.Rc1 Nfd5 15.O-O Nxf4 16.exf4 Bf6 17.Rfe1 Kf7 18.Ne2 Rhd8
19.Rc3 Nd5 20.Rb3 Rd7 21.g3 a5 22.Nc3 Ra7 { 1/2-1/2, Sokolov Ivan 2706 - Adams
Michael 2720 , Wijk aan Zee 2004 It (cat.19) } ) ( 11.Nd2 Nb6 12.Nb3 Ne4
13.Nxe4 fxe4 14.Na5 O-O 15.b4 Nd5 16.Bg3 Bd8 17.Rc1 Bxa5 18.bxa5 Bd7 19.Be2
Rad8 20.a6 b6 21.O-O Rc8 22.Rc2 Rfe8 23.Rfc1 h6 24.h4 Ne7 25.h5 Be6 26.Bd6 Bd7
27.Kh2 Nd5 28.g4 Re6 29.Be5 Ree8 30.Kg3 Red8 { ...1/2-1/2, Shipov Sergei 2593
- Khalifman Alexander 2668 , Sochi 24. 4.2004 Ch Russia (club) } ) 11...Nb6
12.O-O O-O { N } ( 12...Nfd5 13.Be5 O-O 14.Rfc1 Be6 15.b4 Nxc3 16.Rxc3 Nd5
17.Rcc1 Rfc8 18.Nd2 Bg5 19.h3 Nxe3 20.Nf3 Bh6 21.fxe3 Bxe3+ 22.Kh2 Bxc1
23.Rxc1 f6 24.Bg3 g5 25.Nd2 Rd8 26.Bf2 a5 27.b5 cxb5 28.Bxb5 Rac8 29.Re1 Bd5
30.Bd3 Rc3 31.Bxf5 Rxa3 32.Ne4 { ...0-1, Bennborn Jan - De Groot Adrianus D,
Internet 2001 Tournament (ICCF) } ) 13.Rfc1 Be6 14.Nd2 Rfc8 15.Bg3 Nh5 16.b4
Nxg3 17.hxg3 a5 18.bxa5 Rxa5 19.Rcb1 Na4 { ? } ( { ? } 19...Bd8 20.Nb3 Bxb3
21.Rxb3 Rca8 { } ) 20.Rxb7 Nxc3 21.Rxe7 Nb5 22.Bc4 Rxa3 23.Rxa3 Nxa3 24.Bxe6
fxe6 25.Nb3 Kf8 26.Rxe6 Nc4 27.Nc5 Kf7 28.Kh2 Nd2 29.Re5 g6 30.Kh3 Nc4 31.Re6
Nb6 { ?! } ( 31...Nb2 { !? } 32.f3 Nd3 33.Rd6 Rc7 { } ) 32.g4 fxg4+ 33.Kxg4
Nd7 34.Rd6 Nf6+ 35.Kf3 Ke7 36.Re6+ Kf7 37.e4 Rd8 38.e5 Ng8 39.Ke4 Ne7 40.Rf6+
Ke8 41.Ne6 Rc8 42.Rf8+ Kd7 43.Nc5+ Kc7 44.Rf7 { } {#r} 1-0

[Event "It (open)"]
[Site "masterchessopen.com Feffernitz (Austria)"]
[Date "2004.08.15"]
[Round "2"]
[White "Timoscenko Gennadij (SVK)"]
[Black "Buerger Thomas (AUT)"]
[Result "1-0"]
[WhiteElo "2504"]
[BlackElo "2127"]

1.d4 Nf6 2.c4 e6 3.Nc3 Bb4 4.Qc2 d5 5.cxd5 Bxc3+ 6.bxc3 Qxd5 7.Nf3 O-O 8.e3 b6
9.Bd3 Bb7 10.O-O Nbd7 11.Re1 Qh5 12.e4 c5 13.Qe2 Rfd8 14.Bf4 cxd4 15.cxd4 Rac8
16.a4 Rc3 17.Bd2 Rxd3 18.Qxd3 Nc5 19.Qb5 Ba6 20.Qb1 Bd3 21.Qd1 Ncxe4 22.Bb4
Ba6 23.Be7 Re8 24.Bxf6 Nxf6 25.Ne5 Qh4 26.a5 b5 27.g3 Qh3 28.Qf3 Rb8 29.Rac1
Qh6 30.Qc6 {#r} 1-0

[Event "It (open)"]
[Site "masterchessopen.com Pontevedra (Spain)"]
[Date "2004.08.16"]
[Round "6"]
[White "Lazarev Vladimir (FRA)"]
[Black "Matnadze Ana (GEO)"]
[Result "1-0"]
[WhiteElo "2516"]
[BlackElo "2338"]

1.d4 Nf6 2.c4 e6 3.Nc3 Bb4 4.Qc2 d5 5.cxd5 Qxd5 6.e3 c5 7.Bd2 Bxc3 8.Bxc3 cxd4
9.Bxd4 Nc6 10.Bc3 Bd7 11.Nf3 Qc5 12.Rc1 Rd8 13.a3 Qe7 14.b4 a6 15.Qb2 b5
16.Be2 O-O 17.O-O Rc8 18.a4 bxa4 19.Bxa6 Ra8 20.Bb7 a3 21.Qb3 e5 22.Bxa8 Rxa8
23.b5 Be6 24.Qd1 Nd8 25.Bxe5 a2 26.Ba1 Qb4 27.Qd3 h6 28.Nd4 Bd5 29.f3 Bb7
30.e4 Ne8 31.Rfd1 Qa5 32.Qc3 Qb6 33.Qc5 Qg6 34.Nf5 Kh7 35.Ne7 Qe6 36.Qf5+ g6
37.Qc5 Qb3 38.Qd4 f6 39.Nd5 Ne6 40.Nxf6+ Kh8 {#r} 1-0

[Event "It (b)"]
[Site "masterchessopen.com Serpukhov (Russia)"]
[Date "2004.08.29"]
[Round "4"]
[White "Sergienko Sergey (RUS)"]
[Black "Duisenova Madina (KAZ)"]
[Result "1-0"]
[WhiteElo "2433"]
[BlackElo "2171"]

1.d4 Nf6 2.c4 e6 3.Nc3 Bb4 4.Qc2 d5 5.cxd5 Qxd5 6.Nf3 c5 7.a3 Bxc3+ 8.bxc3 b6
9.e3 Bb7 10.Be2 Nbd7 11.O-O O-O 12.a4 Rfc8 13.Qb2 Qe4 14.Rd1 e5 15.Ne1 Qh4
16.h3 Ne4 17.Bg4 Rd8 18.Nf3 Qf6 19.Bxd7 Rxd7 20.Nxe5 Qxe5 21.dxe5 Rxd1+ 22.Kh2
Rad8 23.f3 Nd2 24.Bxd2 R1xd2 25.Qb5 Bxf3 26.Rg1 Ra2 27.Kg3 Bb7 28.e6 fxe6
29.Qb3 Rad2 30.Qxe6+ Kh8 31.e4 h6 32.Rf1 Re2 33.Qf7 Rd3+ 34.Rf3 {#r} 1-0

[Event "Cup Russia \"]
[Site "masterchessopen.com Internet"]
[Date "2004.09.07"]
[Round "0"]
[White "Dragomarezkij Evgeni (RUS)"]
[Black "Lysyj Igor (RUS)"]
[Result "1-0"]
[WhiteElo "2467"]
[BlackElo "2485"]

1.d4 Nf6 2.c4 e6 3.Nc3 Bb4 4.Qc2 d5 5.cxd5 Qxd5 6.Nf3 Qf5 7.Qxf5 exf5 8.Bf4 c6
9.e3 Ne4 10.Rc1 Be6 11.a3 Nxc3 12.bxc3 Bxa3 13.Rb1 b5 14.c4 a6 15.d5 cxd5
16.cxb5 a5 17.Bd3 Bb4+ 18.Ke2 Nd7 19.Rhc1 O-O 20.Bc7 Nc5 21.Nd4 Bc8 22.Bxf5
Bb7 23.Rxb4 axb4 24.Rxc5 Ra2+ 25.Rc2 Rfa8 26.Bd6 R8a4 27.Rxa2 Rxa2+ 28.Kf3 g6
29.Bc2 Rb2 30.Bb3 f6 31.Bxb4 Kf7 32.Bd6 Ke8 33.b6 Kd7 34.Bc5 Rb1 35.Ba4+ Kc8
36.h4 Rb2 37.g4 Rb1 38.Be8 Rb2 39.Bf7 Kd8 40.Bg8 h6 41.h5 g5 42.Be6 Rb1 43.Bf5
Rb2 44.Kg3 Ba8 45.Ne6+ Ke8 46.Nc7+ {#r} 1-0

[Event "Cup Russia \"]
[Site "masterchessopen.com Internet"]
[Date "2004.09.07"]
[Round "0"]
[White "Drozdovskij Yuri (UKR)"]
[Black "Lysyj Igor (RUS)"]
[Result "0-1"]
[WhiteElo "2510"]
[BlackElo "2485"]

1.d4 Nf6 2.c4 e6 3.Nc3 Bb4 4.Qc2 d5 5.cxd5 Qxd5 6.e3 c5 7.Bd2 Bxc3 8.Bxc3 cxd4
9.Bxd4 Nc6 10.Bc3 Bd7 11.Nf3 Rc8 12.a3 Ne7 13.Rd1 Qc5 14.Qb3 Ned5 15.Bd2 O-O
16.Bd3 Qb6 17.Qxb6 Nxb6 18.Ne5 Ba4 19.Rb1 Bc2 20.Bxc2 Rxc2 21.Bb4 Rfc8 22.O-O
Nfd5 23.Ba5 Na4 24.Nd3 b6 25.Be1 a5 26.e4 Ne7 27.f3 Rd8 28.Nf4 Rxb2 29.Rxb2
Nxb2 30.Bh4 f6 31.Rb1 Nc4 32.Nxe6 Rd2 33.Bf2 Kf7 34.Nf4 Nxa3 35.Bxb6 Nxb1
36.Bxa5 Rd1+ 37.Kf2 Rc1 38.Kg3 Rc2 39.Bb4 Ng6 40.Nd5 Ne5 41.Ne3 Rb2 42.Bd6 Nd3
43.Nf5 Nd2 44.Kh3 Nf1 45.Nh4 g5 46.Nf5 Nf2# 0-1